00354nam a2200121Ia 4500008004100000020001500041041001200056100002600068245007600094260004400170300000800214650001000222221030s9999 xx 000 0 und d a0195670035 aEnglish aT. S. Thandavamoorthy 0aAnalysis of Structures - Strength & Behaviourcby T. S. Thandavamoorthy bOxfor University PressaNew Delhic2012 a860 aCivil